ბათუმის შოთა რუსთაველის სახელმწიფო უნივერსიტეტის ბიბლიოთეკა

ექიმის ღია წერილი მასწავლებელს : (ბიბ.ჩანაწერი № 61880)

000 -ლიდერი
ფიქსირებული სიგრძის საკონტროლო ველი 01517nam a2200229 4500
003 - საკონტროლო ნომრის იდენტიფიკატორი
საკონტროლო ველი Ge_BSU
005 - ბოლო ოპერაციის თარიღი და დრო
საკონტროლო ველი 20240603094752.0
008 - ფიქსირებული სიგრძის მონაცემთა ელემენტები - ზოგადი ინფორმაცია
ფიქსირებული სიგრძის საკონტროლო ველი 240603s1989 ge ||||| |||| 00| 0 geo d
041 ## - ენის კოდი
Language code of text/sound track or separate title geo
080 ## - უნივერსალური ათობითი კლასიფიკაციის ინდექსი
Universal Decimal Classification number 37.015.3 + 614 დ-86
100 ## - მთავარი ჩანაწერი - პიროვნების სახელი
Personal name დუბროვსკი, ალექსი
9 (RLIN) 22278
245 ## - ცნობა სათაურის შესახებ
Title ექიმის ღია წერილი მასწავლებელს :
Remainder of title ბავშვის ჯანმრთელობა-ქვეყნის მომავალია /
Statement of responsibility, etc ალექსი დუბროვსკი ; [თარგმნა ზურაბ ცუცქირიძემ ; რედ. ლევან ასათიანი] ; საქ. სსრ სახალხო განათლ. სამინ. სამეცნ.-საწ. პედაგ. გაერთ-ბა.
264 ## - წარმოების, გამოცემის, დისტრიბუციის და სხვა ცნობები
გამოცემის, წარმოების, დისტრიბუციის... ადგილი თბ.,
გამოცემის, წარმოების, დისტრიბუციის... თარიღი 1989.
300 ## - ფიზიკური აღწერა
Extent 48 გვ. ;
Other physical details 17 სმ.
653 ## - INDEX TERM--UNCONTROLLED
Uncontrolled term მოსწავლის ჰიგიენა
653 ## - INDEX TERM--UNCONTROLLED
Uncontrolled term ბავშვთა ჯანმრთელობა
653 ## - INDEX TERM--UNCONTROLLED
Uncontrolled term პედაგოგიკური ფსიქოლოგია
700 ## - ADDED ENTRY--PERSONAL NAME
Personal name ცუცქირიძე, ზურაბ,
Relator term მთარგმნ.
9 (RLIN) 22279
700 ## - ADDED ENTRY--PERSONAL NAME
Personal name ასათიანი, ლევან
Relator term რედ.
9 (RLIN) 3571
710 ## - ADDED ENTRY--CORPORATE NAME
Corporate name or jurisdiction name as entry element საქ. სსრ სახალხო განათლ. სამინ. სამეცნ.-საწ. პედაგოგ. გაერთ-ბა.
9 (RLIN) 22280
942 ## - ADDED ENTRY ELEMENTS (KOHA)
Source of classification or shelving scheme
Koha item type წიგნი
ეგზემპლარები
ჩამოწერის სტატუსი დაკარგული ეგზემპლარის სტატუსი კლასიფიკაციის წყარო ან თაროზე გაწყობის სქემა დაზიანების სტატუსი არ გაიცემა მუდმივი მდებარეობა (დაცვის ადგილი) ამჟამინდელი ადგილსამყოფელი თაროზე განთავსების ადგილი შეძენის თარიღი ღირებულება, შესყიდვის ნორმალური ფასი სრული შენახვის შიფრი შტრიხკოდი ბოლო ოპერაციის თარიღი ეგზემპლარის მიმდევრობითი ნომერი (კეტერი?) ფასის ძალაში შესვლის თარიღი ეგზემპლარის სახეობა საჯარო შენიშვნა
          ბათუმის შოთა რუსთაველის სახელმწიფო უნივერსიტეტის მთავარი ბიბლიოთეკა ბათუმის შოთა რუსთაველის სახელმწიფო უნივერსიტეტის მთავარი ბიბლიოთეკა წიგნსაცავი 2024-06-03 1.20 37.015.3 + 614 დ-86 68048 2024-06-03 68048 2024-06-03 წიგნი 1 ლ. 20 თ.
          ბათუმის შოთა რუსთაველის სახელმწიფო უნივერსიტეტის მთავარი ბიბლიოთეკა ბათუმის შოთა რუსთაველის სახელმწიფო უნივერსიტეტის მთავარი ბიბლიოთეკა წიგნსაცავი 2024-06-03 1.20 37.015.3 + 614 დ-86 68049 2024-06-03 68049 2024-06-03 წიგნი 1 ლ. 20 თ.
          ბათუმის შოთა რუსთაველის სახელმწიფო უნივერსიტეტის მთავარი ბიბლიოთეკა ბათუმის შოთა რუსთაველის სახელმწიფო უნივერსიტეტის მთავარი ბიბლიოთეკა წიგნსაცავი 2024-06-03 1.20 37.015.3 + 614 დ-86 68047 2024-06-03 68047 2024-06-03 წიგნი 1 ლ. 20 თ.
          ბათუმის შოთა რუსთაველის სახელმწიფო უნივერსიტეტის მთავარი ბიბლიოთეკა ბათუმის შოთა რუსთაველის სახელმწიფო უნივერსიტეტის მთავარი ბიბლიოთეკა წიგნსაცავი 2024-06-03 1.20 37.015.3 + 614 დ-86 68050 2024-06-03 68050 2024-06-03 წიგნი 1 ლ. 20 თ.